000 00710nam a2200289Ia 4500
005 20260324134448.0
008 008 260324s9999 xx 000 0 eng d
020 _a9781315202822
037 _aEBOOK
040 _aCRL
040 _beng
040 _cCRL
041 _2eng
041 _aeng
084 _qCRL
100 _aColin Everson
_91196903
245 0 _aHow to Avoid Employment Tribunals: And What to Do If You Can't
245 4 _bAnd What to Do If You Can't
260 _bTaylor and Francis
260 _c2002
365 _a
365 _b99.99
856 _uhttp://www.taylorfrancis.com/books/9781315202822
942 _cEBOOK
999 _c1797034
_d1797034